[Event "Ubeda op 5th"]
[Site "Ubeda"]
[Date "2000.01.25"]
[Round "7"]
[White "Turov, Maxim"]
[Black "Holmsten, Aleksei"]
[Result "1-0"]
[WhiteElo "2526"]
[BlackElo "2364"]
[Annotator "Horn,Pe"]
[PlyCount "73"]
[EventDate "2000.01.19"]
[EventType "swiss"]
[EventRounds "10"]
[EventCountry "ESP"]
[SourceTitle "CBM 075"]
[Source "ChessBase"]
[SourceDate "2000.04.05"]
[SourceVersion "1"]
[SourceVersionDate "2000.04.05"]
[SourceQuality "1"]

1. e4 c5 2. Nf3 e6 3. d3 Nc6 4. g3 g6 5. Bg2 Bg7 6. O-O Nge7 7. c3 O-O 8. d4 d5
(8... cxd4 9. cxd4 Qb6) 9. e5 Qb6 10. b3 $146 {Macht Sinn: bereitet die (Über-)
deckung von d4 vor; selbst wenn Weiß nicht Bb2 beabsichtigte, ist es
vorteilhaft, den B von der Deckung von b2 zu entbinden.} (10. Na3 cxd4 11. cxd4
Bd7 (11... f6 12. Re1 Bd7 13. Rb1 Rac8 14. Bf4 fxe5 15. dxe5 Rxf4 $5 16. gxf4
Qb4 17. Qb3 Rf8 18. Rbc1 Qxb3 19. axb3 Rxf4 $44 {Bologan,V-Ivanchuk,V/Moscow/
1996}) 12. Nc2 f6 13. exf6 Rxf6 (13... Bxf6 $5) 14. b3 Raf8 $2 15. Ba3 Rf5 $2 (
15... Rc8) 16. Ne3 R5f7 17. Bc5 Qc7 18. Ng5 b6 19. Ba3 $16 {Nevednichy,
V-Chernov,V/Sovata/1999}) 10... cxd4 11. cxd4 Nf5 12. Bb2 f6 13. Na3 Bd7 14.
exf6 Bxf6 (14... Rxf6) 15. Nc2 Rf7 {verhindert das Manöver Ba3-c5 aus
Nevednichy-Chernov.} (15... Rac8) 16. Qd2 Kg7 (16... Bg7 17. Ng5 Rff8 18. Ba3
Rfc8 19. Bc5 Qd8 $132) 17. Rad1 h6 (17... a5) (17... Rc8) 18. h4 a5 19. Bc1 {
[%cal Rg3g4]} Rh8 {Die Deckung des Ph6 ist sicher keine Traumrolle für den R.}
20. Ne3 $5 {Weiß gibt einfach das Objekt der schwarzen Begierde her. Aus der
französischen Partie sind derartige Methoden bekannt.} Nfxd4 21. Nxd4 Bxd4 (
21... Nxd4 22. Bb2 Nf5 23. Bxf6+ Rxf6 24. Ng4 Rff8 25. Rfe1 $44) ({Mit} 21...
Qxd4 $5 {konnte Schwarz den Abtausch der schwarzfeldrigen Läufer zunächst
unterbinden:} {z.B.} 22. Qe2 Qc3 23. Ng4 Nd4 24. Qd2 e5 $5 (24... Bb5 $2 25.
Rfe1 $16) 25. Nxf6 (25. Nxh6 Re7 26. Bxd5 Bc6 $11) 25... Rxf6 26. Bb2 Qxd2 27.
Rxd2 Bh3 28. Bxd4 Bxg2 29. Kxg2 exd4 30. Rxd4 Rd8 $11) 22. Bb2 Bxb2 23. Qxb2+
Kh7 24. Ng4 {Nimzowitsch hätte das vermutlich gefallen: der Pd4 ist zwar
verschwunden, sein "Geist" aber noch sehr lebendig: seine Funktion, die
Blockade des schwarzen Zentrums, wird von den weißen Figuren übernommen.} Qd8 {
[%cal Yd8f8,Yf8g7] Eine einleuchtende Methode, um die Diagonale a1-h8 zu
kämpfen.} 25. f4 Qf8 26. Rfe1 Qg7 27. Qd2 Rhf8 (27... Rc8) 28. Bf1 Kh8 29. Bd3
$44 {Der schwarze Mehrbauer spielt hier keine bestimmende Rolle. Angesichts
der schön zentralisierten weißen Stellung und der schwarzen Schwächen am
Königsflügel hat Schwarz kaum aktive Möglichkeiten.} Qd4+ $6 (29... Rc8 30. Bb1
) 30. Kg2 h5 $2 {Anstatt brav mit Qd4-g7 abzuwarten, wie Weiß die Stellung zu
verstärken gedenkt, schwächt Schwarz seinen Königsflügel unwiederbringlich.} (
30... Qg7) 31. Nh2 ({Weiß konnte hier schon den geopferten P wieder
einkassieren:} 31. Ne5 Nxe5 32. Rxe5 Rg7 33. Qxa5 $16 {und Weiß hat die
postionellen Trümpfe in seiner Hand.}) 31... Qb4 (31... Qf6 $142) 32. Qb2+ ({
Das Endspiel nach} 32. Bxg6 Qxd2+ 33. Rxd2 Rg7 34. Bxh5 Rxf4 35. Nf3 $14 {
war Turov offensichtlich zu wenig.}) 32... d4 $2 {Schwächt sich weiter.} (32...
Kh7 33. Nf3 Rf6) 33. Nf3 Qc3 $2 {Die Stellung war eh schon schwierig.} (33...
Rf6) 34. Qxc3 dxc3 35. Bxg6 Rg7 36. Bxh5 Nb4 (36... Rxf4 $2 37. Rxd7 $18) (
36... Rf5 37. Ng5) 37. a3 (37. Ne5) (37. a3 Nc2 38. Re5 b5 39. Rc1 (39. Bg4 $5)
39... Nxa3 40. Rxc3 Rxf4 41. Rc7 $16) 1-0

[Event "San Francisco"]
[Site "San Francisco"]
[Date "1991.??.??"]
[Round "9"]
[White "Grefe, John Alan"]
[Black "Wolff, Patrick G"]
[Result "0-1"]
[WhiteElo "2385"]
[BlackElo "2520"]
[Annotator "Horn,Pe"]
[PlyCount "120"]
[EventDate "1991.03.??"]
[EventType "tourn"]
[EventRounds "11"]
[EventCountry "USA"]
[EventCategory "12"]
[SourceTitle "CBM 023"]
[Source "ChessBase"]
[SourceDate "1991.08.01"]
[SourceVersion "1"]
[SourceVersionDate "1991.08.01"]
[SourceQuality "1"]

1. Nf3 d6 2. g3 g6 3. Bg2 Bg7 4. O-O c5 5. d4 cxd4 6. Nxd4 Qb6 7. c3 (7. Nb3)
7... Nf6 8. Qb3 Nbd7 9. Qxb6 Nxb6 10. a4 a6 11. Nb3 Be6 $1 12. Na5 Bd5 13. Bxd5
Nbxd5 14. Rd1 (14. Nxb7 a5 {/\ Ra7-+}) 14... Rb8 15. e4 Nc7 16. f3 O-O 17. Be3
d5 18. Bf4 $6 (18. e5 $5 Nd7 19. f4) 18... Rbc8 19. Bxc7 Rxc7 20. exd5 b6 21.
Nb3 (21. Nc6 Nxd5 22. Rxd5 Rxc6 $15) 21... Rd8 22. Na3 Rxd5 23. Rxd5 Nxd5 24.
Rd1 $2 (24. Nd2 $10) 24... Nxc3 $1 25. Rd8+ Bf8 26. a5 (26. bxc3 Rxc3 $19)
26... bxa5 27. Nxa5 Na2 28. N3c4 Kg7 29. Ra8 Nb4 30. Kg2 e6 31. f4 Be7 32. Kf3
h6 33. h4 h5 34. b3 Bc5 35. Ke4 Rd7 36. Rc8 Nd3 37. Kf3 Be7 38. Nc6 f6 39. Nxe7
Rxe7 40. Rc6 Rb7 41. Na5 Rb5 42. Rxa6 Nc5 43. Ra7+ Kh6 44. Kg2 g5 45. fxg5+
fxg5 46. hxg5+ Kxg5 47. Kh3 Ne4 48. Ra6 e5 49. Nc4 Rxb3 50. Nxe5 Rxg3+ 51. Kh2
h4 52. Nc4 Rc3 53. Ne5 Rc2+ 54. Kg1 h3 55. Rg6+ Kf5 56. Rh6 Rg2+ 57. Kf1 Ng3+
58. Ke1 h2 59. Nf3 Rg1+ 60. Kf2 Ne4+ 0-1

[Event "Budapest Honved"]
[Site "Budapest"]
[Date "1991.??.??"]
[Round "?"]
[White "Loginov, Valery A"]
[Black "Farago, Sandor"]
[Result "1/2-1/2"]
[WhiteElo "2540"]
[BlackElo "2395"]
[Annotator "Horn,Pe"]
[PlyCount "180"]
[EventDate "1991.??.??"]
[EventType "tourn"]
[EventRounds "11"]
[EventCountry "HUN"]
[EventCategory "9"]
[SourceTitle "CBM 027"]
[Source "ChessBase"]
[SourceDate "1992.04.01"]
[SourceVersion "1"]
[SourceVersionDate "1992.04.01"]
[SourceQuality "1"]

1. Nf3 Nf6 2. g3 c5 3. Bg2 Nc6 4. O-O g6 5. d4 cxd4 6. Nxd4 Qb6 (6... Bg7 $10)
7. Nb3 Bg7 8. a4 (8. e4 $5) 8... d6 (8... a5 9. Nc3 $14) 9. a5 Qc7 10. Nc3 Bd7
11. Bg5 {/\ Bxf6,Nd5} Qc8 $1 12. Re1 h6 13. Bf4 O-O 14. e4 Bg4 15. Qc1 Kh7 16.
Ra4 Ne5 17. Bxe5 dxe5 18. Nd5 Bd7 19. Ra1 (19. Nxe7 $4 Qd8 $19) 19... Ng8 20.
c4 e6 21. Ne3 Ne7 {/\ Nc6-d4} (21... b6 $5) 22. c5 Nc6 23. Nc4 Qc7 24. Nbd2 $2
(24. Nd6 $2 b6 25. axb6 axb6) (24. Rd1 Nd4 25. Nxd4 exd4 26. b4) 24... Nb4 25.
Qc3 Qxc5 26. Nb3 Qe7 27. Red1 {/\ Rxd7} Nc6 28. Qe1 Rab8 29. Rac1 Rfd8 30. Nd6
Be8 31. Nxe8 Qxe8 32. Bf1 $15 {Der MehrP ist angesichts der ungleichfarbigen B
kaum zu verwerten.} Qe7 33. Bb5 Rxd1 34. Rxd1 Nd4 35. Nxd4 exd4 36. Rc1 Rd8 37.
Bd3 e5 (37... Be5 38. f4) 38. Rc4 Rd7 39. Kg2 Bf8 40. Qc1 Qd6 41. Qc2 Kg7 42.
a6 bxa6 43. Rc6 Qb4 44. Rxa6 Rb7 45. Qc6 Qe7 46. Qc2 h5 47. h4 Kh7 48. Qe2 Bg7
49. Bc4 Rc7 50. b3 Qd7 51. Qf3 Qc8 52. Ra2 f6 53. Qe2 Re7 54. Bd5 Rc7 55. Bc4
Bf8 56. Ba6 Qd7 57. Bb5 Qg7 58. Rc2 Bc5 59. Bd3 Qe7 60. Rc4 Rd7 61. Qc2 Bb6 62.
Rc8 Qe6 63. Qc1 Rd8 64. Rc6 Qe7 65. b4 Rd7 66. b5 Rc7 67. Qc4 Rxc6 68. Qxc6 Kh6
69. Qc8 Qd8 70. Qe6 Bc5 71. Qf7 Qf8 72. Qe6 Qe7 73. Qg8 Qg7 74. Qd5 Qf8 75. Qe6
Qe7 76. Qg8 Qg7 77. Qd5 Bf8 78. f4 Qe7 79. f5 gxf5 80. exf5 Qg7 81. Be2 Bb4 82.
Qe6 d3 (82... Be1 83. Kf1 Qxg3 (83... Bxg3 84. Qe8 Kh7 85. Qxh5+ Kg8 86. Qe8+
Kh7 87. Qh5+ $10) 84. Qxf6+ Kh7 85. Qf7+ $10) 83. Bd1 (83. Bxd3 Be1) 83... Be1
84. Kf1 Bxg3 (84... Qxg3 85. Qxf6+) 85. Qe8 Kh7 86. Qxh5+ Qh6 87. Qf7+ Qg7 88.
Qh5+ Qh6 89. Qf7+ Qg7 90. Qh5+ Qh6 1/2-1/2

[Event "GER CupT"]
[Site "Germany"]
[Date "1991.??.??"]
[Round "?"]
[White "Maus, Soenke"]
[Black "Teske, Henrik"]
[Result "1-0"]
[WhiteElo "2400"]
[BlackElo "2380"]
[Annotator "Horn,Pe"]
[PlyCount "51"]
[EventDate "1991.??.??"]
[EventType "team"]
[EventRounds "9"]
[EventCountry "GER"]
[SourceTitle "CBM 024"]
[Source "ChessBase"]
[SourceDate "1991.10.01"]
[SourceVersion "1"]
[SourceVersionDate "1991.10.01"]
[SourceQuality "1"]

1. e4 c5 2. Nf3 e6 3. d3 Nc6 4. g3 g6 5. Bg2 Bg7 6. O-O Nge7 7. Nbd2 O-O 8. Re1
d6 9. c3 b6 10. d4 $5 (10. Nf1 Ne5 11. d4 Nxf3+ 12. Bxf3 cxd4 13. cxd4 d5 14.
e5 $14 {Lazic-Espig, Dortmund-B 1990}) 10... cxd4 11. cxd4 d5 (11... Nxd4 12.
Nxd4 Bxd4 13. e5 Rb8 (13... d5 14. Nf3 Bc5 15. Bh6 $16) 14. exd6 Nf5 (14...
Qxd6 15. Ne4 Qd8 16. Bf4 e5 (16... Rb7 17. Nd6 $18) 17. Bh6 Re8 18. Nf6+ $18)
15. Nf3 Bg7 16. Bf4 $16) 12. e5 Ba6 13. Nf1 Rc8 14. Ne3 Rc7 (14... Nb4 $2 15.
Qa4 Nec6 16. a3 $18) 15. a3 $16 Na5 16. Ng4 Qc8 17. Bg5 Kh8 {/\ Ng8} 18. h4 Ng8
19. h5 h6 20. Bf6 gxh5 21. Bxg7+ Kxg7 22. Ne3 Qe8 23. Nh4 Kh7 24. Bf3 Nc4 $2 (
24... f6 25. Bxh5 $16) 25. Qc2+ Kh8 26. b3 1-0

[Event "Olympiad-23"]
[Site "Buenos Aires"]
[Date "1978.11.07"]
[Round "12"]
[White "Ljubojevic, Ljubomir"]
[Black "Huebner, Robert"]
[Result "1/2-1/2"]
[WhiteElo "2605"]
[BlackElo "2595"]
[Annotator "Huebner,R"]
[PlyCount "60"]
[EventDate "1978.10.25"]
[EventType "team-swiss"]
[EventRounds "14"]
[EventCountry "ARG"]
[SourceTitle "EXT 2000"]
[Source "ChessBase"]
[SourceDate "1999.11.16"]
[SourceVersion "1"]
[SourceVersionDate "1999.11.16"]
[SourceQuality "1"]
[WhiteTeam "Yugoslavia"]
[BlackTeam "Germany"]
[WhiteTeamCountry "YUG"]
[BlackTeamCountry "GER"]

{Inf.26/355} 1. e4 e6 2. d3 c5 3. Nf3 Nc6 4. g3 g6 5. Bg2 Bg7 6. O-O Nge7 7.
Re1 O-O 8. c3 d6 9. d4 $6 (9. Na3 e5) (9. Be3 f5) (9. Nbd2) 9... cxd4 10. cxd4
Qb6 11. d5 (11. Be3 Qxb2 12. Nbd2 d5 $17) (11. Nc3 Nxd4 $17) 11... Bxb2 12.
Bxb2 Qxb2 13. dxc6 (13. Nbd2 exd5 (13... Na5 14. Qa4 Qb6 (14... b6 15. Rab1 Qf6
16. e5 $13) 15. e5 Nxd5 16. exd6 Qd8 17. Ne5 b6 18. d7 Bb7 $17) 14. exd5 Nxd5
15. Nc4 Qb5 16. Nxd6 Qa5 17. Ne5 $14) 13... Qxa1 14. Qb3 (14. cxb7 Bxb7 15. Qb3
Bd5 (15... Rfc8 $2 16. Qxb7 Rab8 17. Qxe7 Rxb1 18. Rxb1 Qxb1+ 19. Bf1 Qxe4 20.
Ng5 Qf5 21. Bd3 $18) 16. exd5 Rab8 17. Qd3 Nxd5 $17) 14... Nxc6 15. Nc3 Nd4 16.
Rxa1 Nxb3 17. axb3 Bd7 $15 18. e5 $1 (18. Rd1 Rfc8 19. Rxd6 (19. Ne2 Bc6 $17)
19... Rxc3 20. Rxd7 Rxb3 21. Ne5 Rb1+ 22. Bf1 Rf8 $17) 18... d5 (18... Rfc8 $2
19. Ne4 $18) 19. Nd4 Rfc8 20. Ncb5 Bxb5 21. Nxb5 a6 (21... a5 22. Nd6 Rc7 (
22... Rc3 23. Nxb7 Rxb3 24. Rxa5 Rc8 25. Nc5 Rc3 26. Nd7 d4 $2 27. Ra6 {/\ Rd6}
) 23. Bf1 b6 24. Bb5 Rc3 25. Ba4 Ra7 26. Rd1 Rac7 27. Kg2 $14) (21... Rc2 22.
Bf1 a5 23. Nd6 b6 24. Bb5 $14) 22. Nd6 Rc3 23. Nxb7 (23. b4 Rb3 24. Rc1 Rxb4
25. Rc7 Rb1+ 26. Bf1 a5 27. Nxf7 a4 28. Ng5 (28. Nh6+ Kf8 29. Rxh7 Ra5 $19)
28... a3 29. Nxh7 Rxf1+ 30. Kg2 Rg1+ 31. Kh3 Rf8 $19) 23... Rxb3 24. Nc5 Rb6 (
24... Rb5 25. Nxa6 Rb6 26. Bf1 $11) 25. Ra5 (25. Bf1 a5 26. Bd3 Rc6 27. Na4 Rb8
28. Ra3 f6 29. exf6 e5 $17) 25... Rb5 26. Rxa6 Rxa6 (26... Rc8 27. Nd7 (27. Nd3
$2 Rb1+ 28. Bf1 Rc3 29. Kg2 Rxf1 $19) 27... Rc1+ 28. Bf1 Rbb1 29. Nf6+ Kg7 30.
Ra8 Rxf1+ 31. Kg2 Rg1+ 32. Kh3 $11 Kh6 33. f4 g5 34. Rg8) 27. Nxa6 d4 28. Bf1 (
28. f4 $2 d3 29. Kf2 d2 30. Ke2 Rb1 $19) 28... Rxe5 29. Nb4 Rc5 30. f4 f6 (
30... f6 31. Kf2 Rc3 (31... g5 32. Kf3 gxf4 33. gxf4 f5 34. Nd3 Rc3 35. Kf2 Kf8
36. Ne5 Ke7 37. Bc4 $11) 32. Nd3 Rc2+ 33. Be2 Kf7 34. Kf3 Ke7 35. h4 Kd6 36.
Bf1 e5 37. fxe5+ fxe5 38. Ke4 $11) 1/2-1/2

[Event "EU-chT (Men) 20th"]
[Site "Reykjavik"]
[Date "2015.11.20"]
[Round "7.1"]
[White "Saric, Ivan"]
[Black "Ivanisevic, Ivan"]
[Result "0-1"]
[WhiteElo "2652"]
[BlackElo "2662"]
[Annotator "Ivanisevic,I"]
[PlyCount "118"]
[EventDate "2015.11.13"]
[EventType "team-swiss"]
[EventRounds "9"]
[EventCountry "ISL"]
[SourceTitle "CBM 170"]
[Source "ChessBase"]
[SourceDate "2016.01.15"]
[SourceVersion "1"]
[SourceVersionDate "2016.01.15"]
[SourceQuality "1"]
[WhiteTeam "Croatia"]
[BlackTeam "Serbia"]
[WhiteTeamCountry "CRO"]
[BlackTeamCountry "SRB"]

1. e4 c5 2. Nf3 e6 3. d3 {I did not expect this line by Ivan; he is very solid
player and almost always goes for the main lines.} Nc6 4. g3 g6 5. Bg2 Bg7 6.
O-O Nge7 7. c3 O-O 8. Re1 e5 9. a3 d6 10. b4 h6 11. Nbd2 Be6 (11... a6 12. Nb3
b6 {is more common e.g.} 13. Bb2 Be6 14. Rb1 (14. d4 exd4 15. cxd4 cxb4 16.
axb4 d5 $15 {Ansell.S-Nunn John, BCF 1998.}) 14... f5 15. exf5 gxf5 $13 {
Lujan-Vojinovic.J., Mediterranean Flower 2008.}) 12. Nb3 b6 13. b5 Nb8 14. d4
a6 $5 15. bxa6 exd4 16. cxd4 c4 17. Nbd2 d5 (17... Nxa6 $142 {using the pin to
finish development safely, without material losses.}) 18. Bb2 Nbc6 19. exd5
Bxd5 20. Qe2 b5 ({During the game I was thinking about} 20... Nf5 21. Nxc4
Nfxd4 22. Nxd4 Nxd4 23. Bxd4 Bxd4 24. Rad1 Bxg2 25. Kxg2 Qf6 {and here I
wasn't so sure about the evaluation of the position because I didn't see} 26.
Nd2 b5 $1 $11) 21. a4 c3 22. Bxc3 b4 23. Bb2 Nf5 24. Rad1 ({Another
possibility was} 24. Rac1 Ncxd4 25. Nxd4 Nxd4 26. Bxd4 Bxd4 27. Nf3 $14) 24...
Qa5 25. Bf1 (25. Qb5 Nd6 26. Qxa5 Nxa5 {Here I was thinking that the position
is close to equal, because I will take one pawn back and my pieces are more
active, but the engines do not share my opinion!} 27. Ne5 Bxg2 28. Kxg2 Rxa6
29. Rc1 $14) 25... Rfb8 26. Qd3 b3 27. Ne5 Nb4 28. Qc3 Qd8 (28... Qxa4 29. Ra1
Na2 30. Qc5 Rd8 31. Bb5 Qb4 32. Ndc4 $16) 29. Bb5 Na2 (29... Nc2 $5 30. Nxb3
Nxe1 31. Rxe1 Rxa6 $1 32. Nc5 (32. Bxa6 Rxb3 33. Qd2 Rxb2 $1 34. Qxb2 Qa5 {
attacking rook and bishop} 35. Rb1 Qxa6 $15) 32... Ra7 $13) 30. Qd3 Nb4 31. Qf1
(31. Qc3 Na2 $11) 31... Nc2 32. Ne4 (32. Nc6 Bxc6 33. Bxc6 Nxe1 34. Bxa8 Rxa8
35. Rxe1 (35. Qxe1 Rxa6 36. Nxb3 Rxa4 37. Nc5 Ra7 38. Qe4 h5 $11 {White can't
make any progress with his d-pawn}) 35... Bxd4 (35... Qa5 36. Qd3 Qxa6 37. Qxb3
Qxa4) 36. Bxd4 Nxd4 37. Qd3 b2 (37... Qf6) 38. Rb1 $14) 32... Rc8 $13 33. Nc3
$6 (33. Re2 Nfxd4 34. Bxd4 (34. Rxd4 Bxe5 $19) 34... Nxd4 35. Rxd4 Bxe5 36. Rd1
b2 $13) 33... Nfxd4 34. Nxd5 Qxd5 35. Bxd4 Nxd4 36. Qg2 Qc5 37. Nd7 Qf5 38. Kh1
Nxb5 (38... Ra7 $1 39. Nb6 Rb8 $15) 39. axb5 $2 (39. g4 $1 Qg5 40. f4 Qxf4 41.
axb5 b2 $13) 39... Qxb5 40. Qb7 Qc6+ $19 {I think that Ivan overlooked this
move in time trouble.} 41. Kg1 Rc7 {That's the point. It forces White to
exchange queens, after which he will lose a pawn and the black b-pawn stays
protected.} 42. Re7 {Looking for a practical chance.} (42. Qxc6 Rxc6 43. Rb1 b2
$19) 42... Rxb7 43. axb7 b2 44. Ne5 (44. bxa8=Q+ Qxa8 45. Ree1 Bc3 46. Rf1 Qa7
$19) 44... Qa4 45. bxa8=Q+ Qxa8 46. Nc4 Bc3 47. Re3 Qa1 48. Nxb2 Qxb2 49. Red3
Kg7 50. h4 Qe2 51. h5 Be1 52. hxg6 Bxf2+ 53. Kg2 Bc5+ 54. Kh3 fxg6 55. Rd5 h5
56. R5d2 Qg4+ 57. Kh2 Kh6 58. Rh1 Bb4 59. Rg2 Bd6 {This turbulent game which
ended after all in my favour was part of the sensational 4-0 victory over the
team of Croatia!} 0-1

[Event "Halle DSV International-03"]
[Site "Halle/Saale"]
[Date "1978.11.19"]
[Round "13"]
[White "Hort, Vlastimil"]
[Black "Knaak, Rainer"]
[Result "1-0"]
[WhiteElo "2620"]
[BlackElo "2520"]
[Annotator "Knaak,R"]
[PlyCount "75"]
[EventDate "1978.11.06"]
[EventType "tourn"]
[EventRounds "13"]
[EventCountry "DDR"]
[EventCategory "11"]
[SourceTitle "EXT 2000"]
[Source "ChessBase"]
[SourceDate "1999.11.16"]
[SourceVersion "1"]
[SourceVersionDate "1999.11.16"]
[SourceQuality "1"]

{[%mdl 2] 26/9 Vor dieser letzten Runde führte ich mit einem glatten Punkt
Vorsprung vor Uhlmann und Farago. Auf Remis zu spielen konnte ich damals nicht
besonders gut. Hort hatte wegen eines Todesfalles einige Partien vorge"spielt"
und war nach Prag gefahren. Zur letzten Runde sollte er zurück sein, aber die
Spekulationen blühten, ob er überhaupt kommen würde. Für mich waren das keine
günstigen Voraussetzungen, würde ich mal als Amateurpsychologe und aus
heutiger Sicht sagen.} 1. e4 c5 2. Nf3 e6 3. d3 Nc6 4. g3 g6 5. Bg2 Bg7 6. O-O
Nge7 7. c3 e5 8. a3 a5 $6 9. a4 O-O 10. Na3 d6 11. Nb5 h6 $8 12. Nd2 Be6 13.
Nc4 Nc8 14. b3 (14. f4 $5) 14... N6a7 $1 15. Nba3 Nc6 16. Qc2 (16. Nc2 N6a7)
16... d5 $13 17. exd5 Bxd5 18. Bxd5 Qxd5 19. Nb5 Qd7 20. f4 $1 $14 Kh7 $6 (
20... exf4 21. Bxf4 $14) 21. Ba3 $1 exf4 22. Rxf4 (22. Bxc5 fxg3 23. Bxf8 gxh2+
$13) 22... Nb4 $1 23. Qd2 $1 {#} b6 $2 (23... Nd5 $142 $1 24. Rh4 $1 $14) 24.
d4 $1 $18 Na6 25. Rd1 f5 26. dxc5 Qxd2 27. Rxd2 bxc5 28. Nxa5 $18 Rf7 29. Nc4
Nc7 30. Rf3 $1 Nxb5 31. axb5 Bf8 32. Rd8 Kg7 33. Rfd3 Kf6 34. R3d5 Be7 35. Re8
Rf8 36. Rxf8+ Bxf8 37. Bxc5 Bxc5+ 38. Rxc5 {Uhlmann und Farago gewannen ihre
Partien, und nach Wertung (wer hat die bloß erfunden) war ich plötzlich
Dritter.} 1-0

[Event "Cannes op"]
[Site "Cannes"]
[Date "1998.??.??"]
[Round "9"]
[White "Kogan, Artur"]
[Black "Wojtkiewicz, Aleksander"]
[Result "0-1"]
[WhiteElo "2505"]
[BlackElo "2535"]
[Annotator "Konikowski,J"]
[PlyCount "80"]
[EventDate "1998.02.21"]
[EventType "swiss"]
[EventRounds "9"]
[EventCountry "FRA"]
[SourceTitle "CBM 063 Extra"]
[Source "ChessBase"]
[SourceDate "1998.04.29"]
[SourceVersion "1"]
[SourceVersionDate "1998.04.29"]
[SourceQuality "1"]

1. Nf3 c5 2. g3 b6 3. e4 Bb7 4. Nc3 Nf6 5. d3 e6 6. Bg2 Be7 7. e5 Ng4 8. Ne4 $6
(8. O-O $142 $5) 8... Bxe4 $1 9. dxe4 Nc6 10. Bd2 (10. Bf4 Qc7 $15) 10... Ngxe5
11. Nxe5 Nxe5 12. Bc3 Bf6 13. f4 Nc4 $1 (13... Nc6 14. e5 $14) 14. e5 Ne3 15.
Qe2 Nxg2+ 16. Qxg2 Be7 17. O-O-O Qc8 18. Rd3 Qc6 19. Qxc6 dxc6 20. Rhd1 Rd8 21.
Rxd8+ Bxd8 22. Kd2 (22. Rd6 Bc7 23. Rxc6 $4 Kd7 $19) 22... h5 23. h4 (23. Ke3
Be7 $15) 23... Kd7 24. Ke3+ Kc7 25. f5 $2 (25. Rf1 $5) 25... exf5 26. Kf4 Re8
27. Kxf5 g6+ 28. Kf4 Be7 29. g4 (29. Ke4 $5) 29... hxg4 30. Kxg4 Rh8 31. Be1
Rd8 32. Rxd8 Bxd8 33. c4 (33. h5 gxh5+ 34. Kxh5 Kd7 $19) 33... Kd7 34. Kf4 Ke6
35. Ke4 Bc7 36. Bc3 b5 37. a3 (37. b3 b4 38. Bb2 Bd8 $19) 37... b4 (37... bxc4
$5) 38. axb4 cxb4 39. Bd4 (39. Bxb4 Bxe5 40. Bc5 a6 $19) 39... b3 40. c5 a5 (
40... a5 41. Bc3 a4 42. Bd4 Bd8 43. Bf2 a3 $19) 0-1